000 00598nam a2200229Ia 4500
003 OSt
005 20220924142421.0
006 a|||||r|||| 00| 0
007 ta
008 220923b |||||||| |||| 00| 0 ben d
024 _a301819
037 _cTextual
040 _aARTS
_cARTS
_bben
041 _2ben
_aben
082 _aY1(Q22):1.262, 157K8
100 _aChowdhury B.
_9213351
245 0 _aBanglar vaishnav samaj sangeet o sahitya
260 _c1968
650 _aSOCIOLOGY
942 _hY1(Q22):1.262, 157K8
_cTEXL
_2CC
999 _c450630
_d450630